• 首页
  • 本馆介绍
  • 公告通知
  • 最新文献
  • 馆藏检索
  • 电子资源
  • 读者导购
  • 参考咨询
  • 我的图书馆
  • 登录
  • 详细信息显示
  • 放入我的书架
  • 预约/预借图书
  • 作者相关作品
  • 分类相关作品
  • 丛书相关作品
  • 出版社相关作品

书目信息

  • 表格格式
  • 工作单格式
  • 卡片格式
题名:
中国姓氏的文化解析
    
 
作者: 王泉根 著
分册:  
出版信息: 北京   团结出版社  2000.01
页数: 388页
开本: 32开
丛书名: 煮字斋丛书
单 册:
中图分类: K810.2
科图分类:
主题词: 姓名--文化--专题研究--中国
电子资源:
ISBN: 7-80130-331-8
000 00627nam0 2200217 45
001 0210290891
005 20031219104059.4
010    @a7-80130-331-8@dCNY18.00
100    @a20021029d2000 km y0chiy0120 ea
101 0  @achi
105    @a z 000yy
200 1  @a中国姓氏的文化解析@AZhong Guo Xing Shi De Wen Hua Jie Xi@f王泉根著@FWang Quan Gen Zhu
210    @a北京@c团结出版社@d2000.01
215    @a388页@d32开
225    @a煮字斋丛书
410    @12001 @a煮字斋丛书
606 0  @a姓名@x文化@x专题研究@y中国
690    @aK810.2@v4
701    @a王泉根@4著
801    @aCN@bTSTC@c20021029
905    @b316581-583@dK810.2@e13@f3
    
    中国姓氏的文化解析/王泉根著.-北京:团结出版社,2000.01
    388页;32开.-(煮字斋丛书)
    
    
    ISBN 7-80130-331-8:CNY18.00
    
●
相关链接 在E读中查询图书 在五车中查询图书 在当当中查询图书 在豆瓣中查询图书


正题名:中国姓氏的文化解析     索取号:K810.2/13         预约/预借

序号 登录号 条形码 馆藏地/架位号 状态 备注
1 0316581   203165813   第二借阅区/ [索取号:K810.2/13] 在馆    
2 0316582   203165822   第二借阅区/ [索取号:K810.2/13] 在馆    
3 0316583   203165831   第二样本阅览室/ [索取号:K810.2/13] 在馆    
唐山师范学院图书馆 欢迎您!
大连网信软件有限公司© 版权所有